[Event "Nationale I Jeune, Vandoeuvre"]
[Site "?"]
[Date "1998.??.??"]
[Round "?"]
[White "Stenpfel, Tony"]
[Black "Heinz, Timothee"]
[Result "0-1"]
[WhiteElo "2690"]
[BlackElo "2840"]
[PlyCount "60"]
[EventDate "1998.??.??"]
[Source "www.chesslib.no"]
[SourceDate "2004.05.04"]

1. e4 e5 2. Nf3 Nc6 3. Bc4 Nf6 4. Nc3 Nxe4 5. d3 Nxc3 6. bxc3 d5 7. Bb3 Be7 8. O-O O-O 9. Kh1 Bg4 10. h3 Bh5 11. Be3 Kh8 12. Rb1 Rb8 13. d4 e4 14. Ne5 Bxd1 15. Rfxd1 Nxe5 16. dxe5 c6 17. c4 Bg5 18. Bc5 Be7 19. Be3 f5 20. cxd5 cxd5 21. Rxd5 Qc7 22. Bxa7 Rbd8 23. Rbd1 b6 24. Bxb6 Qxb6 25. c4 Qxf2 26. c5 e3 27. c6 e2 28. R5d2 Rxd2 29. Rxd2 e1=Q+ 30. Kh2 Qg3# 0-1

[Event "Nationale I Jeune, Vandoeuvre"]
[Site "?"]
[Date "1998.??.??"]
[Round "?"]
[White "De Vienne, Christophe"]
[Black "Gering, Adrien"]
[Result "0-1"]
[WhiteElo "2780"]
[BlackElo "2730"]
[PlyCount "54"]
[EventDate "1998.??.??"]
[Source "www.chesslib.no"]
[SourceDate "2004.05.04"]

1. e4 e5 2. Nf3 Nc6 3. d4 exd4 4. Bc4 Nf6 5. O-O Bc5 6. e5 Ng4 7. Nxd4 Bxd4 8. Qxg4 Bxe5 9. Re1 O-O 10. Bd5 Re8 11. Bxc6 dxc6 12. Qd1 Qxd1 13. Rxd1 Bf5 14. c3 Rad8 15. Rf1 Bd3 16. Re1 Bxh2+ 17. Kxh2 Rxe1 18. Nd2 Bf5 19. Nb3 Rf1 20. Nd4 Bg6 21. Bg5 Rxa1 22. Bxd8 Rxa2 23. Bxc7 Rxb2 24. Bb8 a6 25. f3 Kf8 26. Bd6+ Ke8 27. Ba3 Ra2 0-1

[Event "Hallstahammar Open"]
[Site "?"]
[Date "1998.??.??"]
[Round "?"]
[White "Hermansson, Daniel"]
[Black "Nilsson, Kurt"]
[Result "1-0"]
[WhiteElo "2605"]
[BlackElo "2760"]
[PlyCount "49"]
[EventDate "1998.??.??"]
[Source "www.chesslib.no"]
[SourceDate "2004.05.04"]

1. e4 e5 2. Nc3 Nc6 3. Bc4 Nf6 4. Nf3 Be7 5. O-O d6 6. h3 Nd4 7. d3 a6 8. a3 b5 9. Ba2 Bb7 10. Nxd4 exd4 11. Ne2 c5 12. Bd2 Qc7 13. Bf4 Nd7 14. Qd2 Bf6 15. Bh2 Be5 16. f4 Bf6 17. Rae1 O-O 18. Rf3 g6 19. Ref1 Bg7 20. Rg3 Kh8 21. f5 Be5 22. Nf4 c4 23. fxg6 fxg6 24. Nxg6+ hxg6 25. Qh6+ 1-0

[Event "Nationale I Jeune, Suce sur Erdre"]
[Site "?"]
[Date "1998.??.??"]
[Round "?"]
[White "Le Chequer, Anthony"]
[Black "Padioleau, Aurelien"]
[Result "0-1"]
[WhiteElo "2600"]
[BlackElo "2730"]
[PlyCount "95"]
[EventDate "1998.??.??"]
[Source "www.chesslib.no"]
[SourceDate "2004.05.04"]

1. e4 e5 2. Nf3 Nc6 3. Nc3 Nf6 4. Bc4 Nxe4 5. Bxf7+ Kxf7 6. Nxe4 d5 7. Neg5+ Ke8 8. Nh3 Bg4 9. d3 Nd4 10. Nhg1 Qf6 11. h3 Nxf3+ 12. Nxf3 Bh5 13. Qe2 Bxf3 14. Qxf3 Qxf3 15. gxf3 Kd7 16. b3 Be7 17. Bb2 Bf6 18. Rd1 Rae8 19. Kf1 Rhf8 20. Kg2 e4 21. Bxf6 exf3+ 22. Kxf3 Rxf6+ 23. Kg2 Re2 24. Rhf1 Rxc2 25. a4 Rc3 26. Rb1 Rxd3 27. b4 Rff3 28. Rh1 Ra3 29. a5 Rab3 30. Rxb3 Rxb3 31. Kh2 Rxb4 32. Rg1 g6 33. Rg4 Rxg4 34. hxg4 Ke6 35. Kg3 Ke5 36. Kf3 c5 37. Ke3 b5 38. f4+ Ke6 39. a6 h5 40. g5 Kf5 41. Kf3 d4 42. Kg3 d3 43. Kf2 Kxf4 44. Ke1 Ke3 45. Kd1 c4 46. Kc1 Ke2 47. Kb1 d2 48. Kb2 0-1

[Event "ch-Euro Blitz"]
[Site "Ajaccio FRA"]
[Date "2007.10.26"]
[Round "28"]
[White "Bauer, Ch"]
[Black "Fressinet, L."]
[Result "1-0"]
[WhiteElo "2634"]
[BlackElo "2654"]
[PlyCount "123"]
[EventDate "2007.10.25"]
[Source "www.chesslib.no"]
[SourceDate "2004.05.04"]

1. e4 e5 2. Bc4 Nf6 3. d3 Nc6 4. Nf3 Be7 5. Nc3 d6 6. a3 h6 7. h3 Be6 8. O-O O-O 9. Re1 Qd7 10. Nd5 Bd8 11. Ne3 Ne7 12. d4 exd4 13. Qxd4 Nc6 14. Qd3 Re8 15. Bd2 Ne5 16. Nxe5 dxe5 17. Bc3 Qxd3 18. cxd3 Nd7 19. Rad1 c6 20. d4 exd4 21. Bxd4 Nb6 22. Bxe6 Rxe6 23. Nf5 Bf6 24. Bxf6 Rxf6 25. Nd6 Rb8 26. e5 Re6 27. f4 Nd5 28. g3 Re7 29. Kf2 Rf8 30. Nf5 Rd7 31. Rd3 Rfd8 32. Red1 Kf8 33. Kf3 h5 34. g4 hxg4+ 35. hxg4 Nb6 36. Rxd7 Rxd7 37. Rh1 Kg8 38. Nd6 f6 39. Ke4 fxe5 40. fxe5 Nd5 41. Rf1 Re7 42. g5 Nb6 43. g6 Nd7 44. Nf7 Nf8 45. Kf5 Re6 46. Ng5 Re7 47. e6 Re8 48. Rd1 c5 49. Rd5 b6 50. Rd6 Kh8 51. Rd8 Rxd8 52. Nf7+ Kg8 53. Nxd8 Nxg6 54. Kxg6 Kf8 55. Nc6 c4 56. e7+ Ke8 57. Kxg7 b5 58. Kf6 a5 59. Ke6 b4 60. axb4 axb4 61. Nxb4 c3 62. Nd5 1-0

[Event "Bastia Cup"]
[Site "Bastia"]
[Date "1999.12.04"]
[Round "3.2"]
[White "Bologan, Viktor"]
[Black "Akopian, Vladimir"]
[Result "1/2-1/2"]
[WhiteElo "2620"]
[BlackElo "2646"]
[PlyCount "79"]
[EventDate "1999.11.??"]
[Source "ChessBase"]
[SourceDate "2000.01.11"]

1. e4 e5 2. Bc4 Nf6 3. d3 Nc6 4. Nf3 h6 5. c3 d6 6. O-O g6 7. d4 Qe7 8. Re1 Bg7 9. h3 O-O 10. Nbd2 Nh7 11. Nf1 exd4 12. cxd4 Ng5 13. N1h2 Bd7 14. Bxg5 hxg5 15. Qd2 Rae8 16. Bb5 a6 17. Bc4 Qf6 18. Rad1 Qf4 19. Qc2 g4 20. hxg4 Bxg4 21. g3 Qf6 22. e5 Qf5 23. Bd3 Qh5 24. Nxg4 Qxg4 25. Be2 Qc8 26. Ng5 dxe5 27. Bc4 Qf5 28. Qxf5 gxf5 29. dxe5 Nxe5 30. Bb3 Bf6 31. f4 Bxg5 32. fxe5 Re7 33. Kg2 Rfe8 34. Rd5 Kg7 35. Bc2 c6 36. Rc5 Bd2 37. Re2 Bb4 38. Rc4 Bd6 39. Bxf5 Rxe5 40. Rce4 1/2-1/2

[Event "Balaguer (Spain)"]
[Site "?"]
[Date "2005.07.21"]
[Round "4"]
[White "Delchev Aleksander"]
[Black "Zagrebelny Sergey"]
[Result "1-0"]
[WhiteElo "2656"]
[BlackElo "2510"]
[PlyCount "106"]
[EventDate "2005.??.??"]
[Source "www.chesslib.no"]
[SourceDate "2004.05.04"]

1. e4 e5 2. Bc4 Nf6 3. d3 Nc6 4. Nf3 Be7 5. O-O O-O 6. Re1 d6 7. a4 h6 8. a5 a6 9. c3 Nh7 10. d4 Ng5 11. d5 Nb8 12. Nbd2 Kh8 13. Bd3 f5 14. exf5 Bxf5 15. Bxf5 Rxf5 16. c4 Nd7 17. Ra3 Nxf3+ 18. Nxf3 Qf8 19. Be3 c5 20. Nd2 Bh4 21. g3 Be7 22. Qg4 Qf7 23. Rb3 Rb8 24. Ne4 h5 25. Qh3 Qg6 26. Bd2 Nf6 27. Qg2 Kh7 28. h3 Nxe4 29. Qxe4 Rf7 30. Qxg6+ Kxg6 31. f4 Bf6 32. Rb6 Kh7 33. Rxd6 exf4 34. gxf4 Bxb2 35. Kg2 Bd4 36. Ree6 Rf6 37. Rxf6 Bxf6 38. Re6 Kg6 39. Kf3 Kf5 40. Rb6 Bd8 41. Re6 Bf6 42. Ke2 Rd8 43. Kd3 Rd7 44. Be3 Re7 45. Rb6 Rd7 46. Bxc5 Kxf4 47. Bd4 Bd8 48. Rg6 Bxa5 49. Bxg7 Bb4 50. Bc3 Bxc3 51. Kxc3 a5 52. Kd4 a4 53. Rg1 b6 1-0

[Event "Tch (Men) 2005/2006 FRA"]
[Site "?"]
[Date "2006.04.01"]
[Round "6"]
[White "Belkhodja Slim"]
[Black "Karjakin Sergey"]
[Result "1/2-1/2"]
[WhiteElo "2488"]
[BlackElo "2660"]
[PlyCount "112"]
[EventDate "2006.??.??"]
[Source "www.chesslib.no"]
[SourceDate "2004.05.04"]

1. e4 e5 2. Bc4 Nf6 3. d3 Nc6 4. Nf3 Be7 5. O-O O-O 6. c3 d6 7. Bb3 d5 8. Qe2 Bg4 9. Bg5 dxe4 10. dxe4 Nh5 11. Be3 Nf4 12. Bxf4 exf4 13. h3 Bxf3 14. Qxf3 Bg5 15. Qe2 Ne5 16. Nd2 Qe7 17. Rad1 Rad8 18. Nf3 Bf6 19. Rxd8 Rxd8 20. Rd1 Rxd1+ 21. Qxd1 c6 22. Nxe5 Bxe5 23. Kf1 g6 24. a4 a6 25. Qd3 b5 26. Ke2 Kf8 27. axb5 axb5 28. Qf3 Qa7 29. Qd3 Ke7 30. Qb1 b4 31. Qd3 bxc3 32. bxc3 Qc5 33. Qa6 f6 34. Qb7+ Kd8 35. Qb4 Qxc3 36. Qxc3 Bxc3 37. h4 Ke7 38. h5 gxh5 39. Bg8 h6 40. Bh7 Kd6 41. f3 Kc5 42. Kd3 Kb4 43. Bg8 c5 44. Be6 h4 45. Bf7 Be5 46. Be6 Bd4 47. Bf7 Ka3 48. Kc2 Kb4 49. Kd3 Kb5 50. Be6 Be3 51. Bd7+ Kb4 52. Be6 h3 53. gxh3 Kb5 54. h4 Kc6 55. h5 Kd6 56. Bf5 Ke5 1/2-1/2

[Event "otb"]
[Site "otb"]
[Date "2007.03.05"]
[Round "8"]
[White "Hamdouchi Hichem"]
[Black "David Alberto"]
[Result "1/2-1/2"]
[WhiteElo "2602"]
[BlackElo "2528"]
[PlyCount "148"]
[Source "www.chesslib.no"]
[SourceDate "2004.05.04"]

1. e4 e5 2. Bc4 Nf6 3. d3 Nc6 4. Nf3 Be7 5. O-O O-O 6. Re1 d6 7. a4 Na5 8. Ba2 c5 9. Nbd2 Be6 10. Nf1 Nc6 11. Ng3 Bxa2 12. Rxa2 d5 13. exd5 Qxd5 14. b3 Rad8 15. Bb2 Bd6 16. Nf5 Rfe8 17. Ne3 Qe6 18. Ng5 Qc8 19. Ra1 h6 20. Ne4 Nxe4 21. dxe4 c4 22. Qf3 cxb3 23. cxb3 Bc5 24. Rac1 Bd4 25. Bxd4 Nxd4 26. Qd1 Qd7 27. Rc3 Rc8 28. Rd3 Qe6 29. h3 Rc6 30. Nd5 Rec8 31. Kh1 f5 32. Qh5 Rc1 33. Rxc1 Rxc1+ 34. Kh2 fxe4 35. Rg3 Rc5 36. Ne3 Rc6 37. b4 a6 38. b5 axb5 39. axb5 Rd6 40. Rg4 Qf6 41. Rxe4 Qxf2 42. Nd1 Qd2 43. Ne3 Qf2 44. Nd1 Qc2 45. Rxe5 Rg6 46. Re8+ Kh7 47. Qd5 Rg5 48. Qe4+ Qxe4 49. Rxe4 Nxb5 50. Re7 b6 51. Rb7 Rg6 52. g4 Re6 53. Kg3 Nd4 54. h4 Re1 55. Nf2 Re3+ 56. Kg2 b5 57. h5 Kg8 58. Nh1 Re4 59. Nf2 Rf4 60. Kg3 Ne2+ 61. Kg2 Nc3 62. Kg3 Ne2+ 63. Kg2 Nc3 64. Kg3 Rd4 65. Kf3 b4 66. Ke3 Rc4 67. Kf3 Rd4 68. Ke3 Rd8 69. Nd3 Re8+ 70. Kf3 Nd5 71. Nxb4 Re3+ 72. Kf2 Rb3 73. Rb8+ Kf7 74. Nc6 Rxb8 1/2-1/2

[Event "Skanska Open"]
[Site "Pardubice"]
[Date "2004.07.30"]
[Round "8"]
[White "Turov, Maxim"]
[Black "Pavasovic, Dusko"]
[Result "1/2-1/2"]
[WhiteElo "2536"]
[BlackElo "2592"]
[PlyCount "71"]
[EventDate "2004.07.23"]
[Source "Roberto Alvarez"]
[SourceDate "2004.08.10"]

1. e4 e5 2. Nf3 Nc6 3. d4 exd4 4. Bc4 Nf6 5. e5 Ng4 6. Qe2 Qe7 7. Bf4 f6 8. exf6 gxf6 9. Nbd2 d6 10. Qxe7+ Bxe7 11. Bb5 Bd7 12. Nb3 a6 13. Be2 O-O-O 14. Nfxd4 f5 15. Nxc6 Bxc6 16. Nd4 Bd7 17. h3 Ne5 18. O-O-O Bf6 19. Rhe1 h5 20. Be3 Rde8 21. c3 h4 22. Bf1 Rhg8 23. Nc2 Bc6 24. f3 a5 25. Bd4 Bg5+ 26. Be3 Bd8 27. Nd4 Bd7 28. f4 Ng6 29. Bc4 Rg7 30. Bd3 Ne7 31. Bf2 Rh8 32. Rg1 Rh5 33. Ne2 Rhh7 34. Nd4 Rh5 35. Ne2 Rhh7 36. Nd4 1/2-1/2

[Event "Prague Chip"]
[Site "Prague"]
[Date "1992.??.??"]
[Round "6"]
[White "Rogers, Ian"]
[Black "Razuvaev, Yuri S"]
[Result "1/2-1/2"]
[WhiteElo "2550"]
[BlackElo "2575"]
[PlyCount "20"]
[EventDate "1992.01.??"]
[Source "ChessBase"]

1. e4 e5 2. Nf3 Nc6 3. d4 exd4 4. Bc4 Nf6 5. e5 Ne4 6. Bd5 Nc5 7. O-O Ne6 8. Re1 Be7 9. c3 dxc3 10. Nxc3 O-O 1/2-1/2

[Event "New York"]
[Site "?"]
[Date "1989.??.??"]
[Round "?"]
[White "Lobron, E."]
[Black "Torre, E."]
[Result "1-0"]
[WhiteElo "2555"]
[BlackElo "2565"]
[PlyCount "119"]
[EventDate "1989.??.??"]
[Source "ChessBase"]
[SourceDate "1989.01.01"]

1. e4 e5 2. Bc4 Nf6 3. d3 Nc6 4. Nf3 Be7 5. Bb3 d6 6. c3 Bg4 7. Nbd2 Nd7 8. h3 Bh5 9. Nf1 Nc5 10. Bc2 Ne6 11. Ng3 Bxf3 12. Qxf3 Bg5 13. Bxg5 Qxg5 14. h4 Qh6 15. Nf5 Qf6 16. Qg4 Qg6 17. Ne3 Qxg4 18. Nxg4 Ne7 19. h5 O-O-O 20. O-O-O c5 21. Bb3 h6 22. g3 Kd7 23. Bxe6+ Kxe6 24. d4 cxd4 25. cxd4 Rc8+ 26. Kb1 Rc4 27. d5+ Kd7 28. f3 Rf8 29. Ne3 Rc5 30. g4 f6 31. Rc1 Rfc8 32. Rxc5 Rxc5 33. Rd1 Rc7 34. Rd3 Kc8 35. b3 Kd7 36. Kb2 Rc8 37. Rd1 Rc7 38. a4 Rc8 39. Rg1 Rc7 40. Ra1 Rc8 41. a5 Rc7 42. Nc4 Nc8 43. a6 bxa6 44. Rxa6 Rb7 45. Ne3 Ne7 46. Ka2 Rc7 47. Ka3 Rb7 48. b4 Rc7 49. Ka4 Nc8 50. Kb3 Rc1 51. Ra3 Ke7 52. Nf5+ Kf8 53. Ka4 Kf7 54. Kb5 g6 55. hxg6+ Kxg6 56. Ra6 Rc3 57. Rc6 Rxc6 58. dxc6 Kg5 59. Ka6 Kf4 60. Kb7 1-0

[Event "NED-ch op"]
[Site "Dieren"]
[Date "2004.08.05"]
[Round "9"]
[White "Tiviakov, Sergei"]
[Black "Ernst, Sipke"]
[Result "1-0"]
[WhiteElo "2601"]
[BlackElo "2517"]
[PlyCount "125"]
[EventDate "2004.07.27"]
[Source "Roberto Alvarez"]
[SourceDate "2004.08.17"]

1. e4 e5 2. Bc4 Nf6 3. d3 Nc6 4. Nf3 Be7 5. O-O O-O 6. Bb3 d6 7. c3 Na5 8. Bc2 c5 9. a3 Nc6 10. b4 a6 11. Re1 Re8 12. h3 Bf8 13. Nbd2 h6 14. d4 cxd4 15. cxd4 exd4 16. Bb2 Bd7 17. Nxd4 a5 18. bxa5 Qxa5 19. Nxc6 bxc6 20. Bxf6 gxf6 21. Nc4 Qc5 22. Qd3 f5 23. exf5 Bg7 24. f6 Bxf6 25. Nxd6 Rxe1+ 26. Rxe1 Kf8 27. Nxf7 Bf5 28. Qxf5 Qxf5 29. Bxf5 Kxf7 30. Rc1 Ra5 31. g4 c5 32. a4 Rxa4 33. Rxc5 Rf4 34. Rc7+ Kf8 35. Kg2 Bh4 36. Rc2 Kg7 37. Re2 Rb4 38. Be4 Rb3 39. Rc2 Bg5 40. Rc6 Rb4 41. Bf5 Rb3 42. Bc2 Rb4 43. Kg3 Bf4+ 44. Kh4 Bg5+ 45. Kh5 Rf4 46. h4 Bf6 47. Rc7+ Kf8 48. g5 hxg5 49. hxg5 Be5 50. Rc5 Rxf2 51. Rxe5 Rxc2 52. Kg6 Rg2 53. Ra5 Rg1 54. Ra8+ Ke7 55. Rg8 Rg2 56. Kh7 Ke6 57. g6 Kf5 58. Rf8+ Kg5 59. g7 Rh2+ 60. Kg8 Ra2 61. Rd8 Kg6 62. Rd6+ Kg5 63. Re6 1-0

[Event "Novgorod op"]
[Site "Novgorod"]
[Date "1999.03.27"]
[Round "9"]
[White "Poluljahov, Aleksandr"]
[Black "Malaniuk, Vladimir P"]
[Result "0-1"]
[WhiteElo "2566"]
[BlackElo "2552"]
[PlyCount "122"]
[EventDate "1999.03.19"]
[Source "ChessBase"]
[SourceDate "1999.05.10"]

1. e4 e5 2. Bc4 Nf6 3. d3 Nc6 4. Nf3 h6 5. O-O d6 6. Re1 g6 7. d4 Qe7 8. c3 Bg7 9. Nbd2 O-O 10. h3 Bd7 11. Nf1 Rae8 12. Ng3 Kh8 13. b4 a6 14. Rb1 Qd8 15. Qb3 Kg8 16. a4 Bc8 17. Bd2 Nh7 18. Be3 h5 19. Qc2 Kh8 20. b5 axb5 21. axb5 Na5 22. Bd3 b6 23. Bc1 Be6 24. Ba3 Ng5 25. Nxg5 Qxg5 26. Bc1 Qe7 27. Be3 Nc4 28. Bxc4 Bxc4 29. d5 Qd7 30. Qa4 Bd3 31. Rb4 Ra8 32. Qb3 f5 33. exf5 Bxf5 34. Nxf5 Qxf5 35. Rc4 Rf7 36. Qb1 Qxb1 37. Rxb1 Kh7 38. f3 Bh6 39. Bxh6 Kxh6 40. Rcb4 g5 41. Kf2 Kg6 42. Ke3 h4 43. R1b2 Rf4 44. Kd3 Kf6 45. Re4 Ra1 46. Rxf4+ gxf4 47. Re2 Ra4 48. c4 Ra3+ 49. Kd2 Kf5 50. Kc2 Ra2+ 51. Kd3 Rxe2 52. Kxe2 e4 53. fxe4+ Kxe4 54. Kf2 Kd4 55. Kf3 Kxc4 56. Kg4 Kxb5 57. Kxh4 Kc4 58. Kg5 b5 59. h4 Kxd5 60. h5 Ke6 61. Kxf4 b4 0-1

[Event "Memorial A.Kotov"]
[Site "Tula (Russia)"]
[Date "2008.01.05"]
[Round "4"]
[White "Vlassov Nikolai (RUS)"]
[Black "Afromeev Vladimir (RUS)"]
[Result "0-1"]
[WhiteElo "2471"]
[BlackElo "2646"]
[PlyCount "76"]
[EventDate "2008.??.??"]
[Source "www.chesslib.no"]
[SourceDate "2004.05.04"]

1. e4 e5 2. Bc4 Nf6 3. d3 Nc6 4. Nf3 Bc5 5. Bg5 d6 6. Nc3 Na5 7. Nd2 h6 8. Bh4 g5 9. Bg3 Nxc4 10. Nxc4 Be6 11. h4 g4 12. h5 Qd7 13. Ne3 Bd4 14. Qd2 Qc6 15. Ncd1 Rg8 16. c3 Bb6 17. c4 Qd7 18. Nc3 c6 19. O-O-O Ba5 20. Nc2 Rh8 21. f4 gxf3 22. gxf3 Qc7 23. Rdf1 b5 24. b4 Bb6 25. cxb5 cxb5 26. Nxb5 Qc6 27. Nc3 Rc8 28. Kb2 Rg8 29. Be1 Bd4 30. Rh2 Qa6 31. Nxd4 exd4 32. Nd5 Bxd5 33. exd5 Nxd5 34. Re2+ Kd7 35. Qxh6 Nc3 36. Bxc3 Qxd3 37. Rfe1 Qxc3+ 38. Kb1 Qxb4+ 0-1

[Event "SUI-chT 2001"]
[Site "SUI"]
[Date "2001.09.09"]
[Round "7.1"]
[White "Miralles, Gilles"]
[Black "Jussupow, Artur"]
[Result "1/2-1/2"]
[WhiteElo "2481"]
[BlackElo "2635"]
[PlyCount "73"]
[EventDate "2001.09.??"]
[Source "www.chesslib.no"]
[SourceDate "2004.05.04"]

1. e4 e5 2. d4 exd4 3. Bc4 Nf6 4. Nf3 Nc6 5. e5 d5 6. Bb5 Ne4 7. Nxd4 Bd7 8. Bxc6 bxc6 9. O-O Bc5 10. f3 Ng5 11. Kh1 O-O 12. Nc3 f6 13. Bxg5 fxg5 14. Qd3 Qe7 15. Rae1 Rf4 16. Nb3 Be6 17. Ne2 Ra4 18. Nxc5 Qxc5 19. c3 Rxa2 20. Nd4 Re8 21. Re2 Qc4 22. Qb1 Qa6 23. c4 Bf7 24. Rfe1 Bg6 25. Qd1 dxc4 26. Qc1 c5 27. Nc2 Bd3 28. Rf2 Qb5 29. Ne3 Rxe5 30. Ng4 Rxe1+ 31. Qxe1 Qd7 32. f4 h5 33. Ne5 Qd4 34. Nxd3 cxd3 35. Qe8+ Kh7 36. Qxh5+ Kg8 37. Qe8+ 1/2-1/2

[Event "North Bay"]
[Site "?"]
[Date "1996.??.??"]
[Round "?"]
[White "Morovic Fernandez, I."]
[Black "Sagalchik, G."]
[Result "1-0"]
[WhiteElo "2590"]
[BlackElo "2525"]
[PlyCount "89"]
[EventDate "1996.??.??"]
[Source "ChessBase"]
[SourceDate "1996.06.01"]

1. e4 e5 2. Nf3 Nc6 3. Bc4 Nf6 4. Nc3 Nxe4 5. Nxe4 d5 6. Bd3 f5 7. Nc3 e4 8. Bb5 exf3 9. Qxf3 Be6 10. O-O Qd7 11. Ne2 Bd6 12. d4 O-O 13. Bf4 Bxf4 14. Qxf4 Rae8 15. Qd2 a6 16. Bxc6 Qxc6 17. Nf4 Bd7 18. f3 Qb6 19. b3 Qh6 20. Rf2 c6 21. Nd3 f4 22. Re1 g5 23. Rxe8 Rxe8 24. Re2 Rxe2 25. Qxe2 Qe6 26. Ne5 Qe7 27. Qd2 Bf5 28. c3 Qa3 29. h4 h6 30. hxg5 hxg5 31. g3 Bb1 32. gxf4 Qxa2 33. Qe3 Bf5 34. fxg5 Qxb3 35. g6 Bxg6 36. Qg5 Qb1+ 37. Kf2 Qc2+ 38. Kg3 Kg7 39. Qe7+ Kh8 40. Qf8+ Kh7 41. Qe7+ Kh8 42. Qf8+ Kh7 43. Ng4 Bf5 44. Qf7+ Kh8 45. Nf6 1-0

[Event "Pardubice Czech op"]
[Site "Pardubice"]
[Date "1998.??.??"]
[Round "8"]
[White "Malaniuk, Vladimir P"]
[Black "Pavasovic, Dusko"]
[Result "1/2-1/2"]
[WhiteElo "2600"]
[BlackElo "2505"]
[PlyCount "73"]
[EventDate "1998.07.??"]
[Source "www.chesslib.no"]
[SourceDate "2004.05.04"]

1. e4 e5 2. Bc4 Nf6 3. d3 Nc6 4. Nf3 Be7 5. O-O O-O 6. a4 d5 7. exd5 Nxd5 8. Re1 Bg4 9. h3 Bxf3 10. Qxf3 Nb6 11. Nd2 Nxc4 12. Nxc4 Re8 13. Bd2 Bc5 14. c3 a5 15. Rad1 Qd7 16. Be3 Bf8 17. Qe2 Re6 18. Qc2 Qd5 19. f3 Bc5 20. Bxc5 Qxc5+ 21. Qf2 Qxf2+ 22. Kxf2 Rd8 23. g4 Ree8 24. Re4 f6 25. Ke2 b6 26. Kd2 Nb8 27. Kc2 Na6 28. d4 exd4 29. Rdxd4 Kf7 30. Rxd8 Rxd8 31. Nd2 Nc5 32. Rc4 Rd7 33. h4 Nd3 34. b4 Ne1+ 35. Kc1 Nd3+ 36. Kc2 Ne1+ 37. Kc1 1/2-1/2

[Event "Groningen op"]
[Site "Groningen"]
[Date "1995.??.??"]
[Round "?"]
[White "Sermek, Drazen"]
[Black "Rozentalis, Eduardas"]
[Result "1/2-1/2"]
[WhiteElo "2490"]
[BlackElo "2610"]
[PlyCount "117"]
[EventDate "1995.12.??"]
[Source "ChessBase"]

1. e4 e5 2. Bc4 Nf6 3. d3 Nc6 4. Nf3 Be7 5. O-O O-O 6. Bb3 d6 7. c3 Bg4 8. Re1 d5 9. h3 dxe4 10. hxg4 exf3 11. Qxf3 e4 12. dxe4 Ne5 13. Qh3 Nfxg4 14. Rd1 Bd6 15. Na3 Qf6 16. Be3 Nxe3 17. Qxe3 Bxa3 18. bxa3 Rfe8 19. Rd2 h5 20. Rad1 a5 21. a4 Rad8 22. Rd4 g5 23. Qe2 h4 24. Qb5 Rb8 25. Qxa5 b6 26. Qb5 Kg7 27. Qe2 Ra8 28. Qe3 Ng4 29. Qf3 Qxf3 30. gxf3 Ne5 31. Kg2 Kf6 32. Rd5 Re6 33. R5d4 Re7 34. Rd5 Kg7 35. Rxe5 Rxe5 36. Rd7 Rc5 37. Rxf7+ Kg6 38. e5 Rxe5 39. Rxc7 Rf8 40. Bc2+ Kf6 41. Bb3 Rb8 42. Rc6+ Ke7 43. Rg6 Rc5 44. Re6+ Kd7 45. Rg6 Rf8 46. Rxb6 Rxc3 47. Bd5 g4 48. Rb3 Rc2 49. Rd3 Kc7 50. Bb3 Rb2 51. Rc3+ Kb6 52. Be6 h3+ 53. Kg3 Rh8 54. Rc1 h2 55. Rh1 Rh3+ 56. Kxg4 Rh6 57. Bf5 Rxf2 58. Kg3 Rxa2 59. Bh3 1/2-1/2

[Event "Dubai (open) 84/267"]
[Site "?"]
[Date "2002.??.??"]
[Round "?"]
[White "Fedorov, Alex"]
[Black "El Taher, F."]
[Result "1-0"]
[WhiteElo "2598"]
[BlackElo "2502"]
[PlyCount "81"]
[EventDate "2002.??.??"]
[Source "Chess Informant"]
[SourceDate "2002.02.01"]

1. e4 e5 2. Bc4 Nc6 3. Nf3 Nf6 4. d3 Be7 5. O-O d6 6. a4 O-O 7. h3 h6 8. c3 Be6 9. Bxe6 fxe6 10. Nbd2 Qd7 11. Nc4 Rad8 12. b4 Rf7 13. b5 Nb8 14. Be3 c5 15. Qb3 Rff8 16. Ncd2 Kh8 17. Rfd1 Rc8 18. Rac1 b6 19. d4 cxd4 20. cxd4 exd4 21. Nxd4 d5 22. e5 Nh7 23. Qd3 Bc5 24. N2b3 Ba3 25. Rxc8 Rxc8 26. f4 Bb4 27. Bd2 Bxd2 28. Rxd2 Nf8 29. Rf2 Qc7 30. f5 Qxe5 31. Re2 Qf6 32. fxe6 Re8 33. Qg3 Kh7 34. Kh2 Kh8 35. Rf2 Qg5 36. Qd6 Kg8 37. Rf5 Qg6 38. Qxd5 Nxe6 39. Re5 Kf7 40. Nxe6 Rxe6 41. Nd4 1-0

[Event "RUS-ch KO"]
[Site "Moscow"]
[Date "1999.12.19"]
[Round "3.1"]
[White "Kobalija, Mihail"]
[Black "Popov, Valerij"]
[Result "1/2-1/2"]
[WhiteElo "2573"]
[BlackElo "2523"]
[PlyCount "36"]
[EventDate "1999.12.04"]
[Source "ChessBase"]
[SourceDate "2000.04.05"]

1. e4 e5 2. Nf3 Nc6 3. Bc4 Be7 4. O-O Nf6 5. d3 O-O 6. Bb3 h6 7. Nbd2 d6 8. c3 Re8 9. Re1 Bf8 10. Nc4 Be6 11. h3 a6 12. Ne3 g6 13. Nh2 Bg7 14. Neg4 Nxg4 15. Nxg4 Kh7 16. Qf3 Bxb3 17. axb3 Rf8 18. Ne3 f5 1/2-1/2

[Event "CRO-chT"]
[Site "Rabac"]
[Date "2003.09.12"]
[Round "6"]
[White "Sermek, Drazen"]
[Black "Horvath, Jozsef"]
[Result "1/2-1/2"]
[WhiteElo "2577"]
[BlackElo "2519"]
[PlyCount "32"]
[EventDate "2003.09.07"]
[Source "Roberto Alvarez"]
[SourceDate "2003.09.22"]

1. e4 e5 2. Nf3 Nf6 3. Nc3 Nc6 4. Bc4 Nxe4 5. Nxe4 d5 6. Bd3 dxe4 7. Bxe4 Bd6 8. O-O O-O 9. Re1 Nd4 10. Nxd4 exd4 11. d3 c6 12. Qh5 f5 13. Bf3 Bd7 14. Bg5 Qa5 15. a3 Rae8 16. Kf1 Qc5 1/2-1/2

[Event "Vrsac"]
[Site "Vrsac"]
[Date "1987.??.??"]
[Round "?"]
[White "Ivanovic, Bozidar"]
[Black "Popovic, Petar"]
[Result "1-0"]
[WhiteElo "2535"]
[BlackElo "2560"]
[PlyCount "81"]
[EventDate "1987.10.??"]
[Source "ChessBase"]

1. e4 e5 2. Bc4 Nf6 3. d3 Nc6 4. Nf3 h6 5. O-O d6 6. c3 g6 7. d4 Qe7 8. dxe5 Nxe5 9. Nxe5 dxe5 10. Qc2 Bg7 11. b3 O-O 12. Ba3 c5 13. Nd2 a6 14. Be2 b5 15. Bb2 Bb7 16. a4 Bc6 17. Rfe1 Rfd8 18. Bf3 Nh7 19. g3 Ng5 20. Bg2 Qd7 21. Nf1 f5 22. f3 bxa4 23. bxa4 Qd3 24. Qb3+ c4 25. Qb6 Rab8 26. Qxc6 Rxb2 27. Ne3 Qxc3 28. Qxc4+ Qxc4 29. Nxc4 Rb4 30. Ne3 f4 31. Nd5 Rb3 32. Rad1 Rf8 33. gxf4 exf4 34. e5 Re8 35. h4 Ne6 36. Nf6+ Bxf6 37. exf6 Kf7 38. Rd6 a5 39. Bf1 Rxf3 40. Bb5 Rg3+ 41. Kf2 1-0

[Event "FRA Ch Top 16 Poule Haute"]
[Site "?"]
[Date "2005.05.04"]
[Round "8"]
[White "Abergel Thal"]
[Black "Fressinet Laurent"]
[Result "1/2-1/2"]
[WhiteElo "2456"]
[BlackElo "2638"]
[PlyCount "43"]
[EventDate "2005.??.??"]
[Source "www.chesslib.no"]
[SourceDate "2004.05.04"]

1. e4 e5 2. Nf3 Nc6 3. d4 exd4 4. Bc4 Nf6 5. e5 Ne4 6. Qe2 Nc5 7. c3 d3 8. Qe3 Be7 9. b4 Ne6 10. Bxd3 d6 11. exd6 Bxd6 12. O-O O-O 13. Bc2 Nf4 14. Re1 Ng6 15. Qg5 Bd7 16. Qxd8 Raxd8 17. Bg5 f6 18. Be3 Nge5 19. Nbd2 Bg4 20. Nxe5 Bxe5 21. Rac1 Be6 22. Be4 1/2-1/2

[Event "Harry Lyman Open 3rd"]
[Site "?"]
[Date "2000.??.??"]
[Round "3"]
[White "Kudrin Sergey"]
[Black "Christiansen Larry M"]
[Result "1/2-1/2"]
[WhiteElo "2496"]
[BlackElo "2596"]
[PlyCount "25"]
[EventDate "2000.??.??"]
[Source "www.chesslib.no"]
[SourceDate "2004.05.04"]

1. e4 e5 2. Bc4 Nf6 3. d3 Nc6 4. Nf3 Be7 5. O-O d6 6. c3 O-O 7. Bb3 Be6 8. Re1 Qd7 9. Nbd2 Rae8 10. h3 Bxb3 11. Qxb3 Na5 12. Qd1 Nc6 13. Qb3 1/2-1/2

[Event "Nationale I"]
[Site "Bordeaux"]
[Date "2003.04.05"]
[Round "6.8"]
[White "Bauer, Christian"]
[Black "Hauchard, Arnaud"]
[Result "1/2-1/2"]
[WhiteElo "2579"]
[BlackElo "2512"]
[PlyCount "65"]
[EventDate "2003.04.03"]
[Source "Roberto Alvarez"]
[SourceDate "2003.04.07"]

1. e4 e5 2. Bc4 Nf6 3. d3 Nc6 4. Nf3 Be7 5. O-O O-O 6. Re1 d6 7. a4 Kh8 8. a5 a6 9. Nc3 Ng8 10. Nd5 f5 11. c3 Bf6 12. b4 f4 13. d4 g5 14. dxe5 Nxe5 15. Nxf6 Qxf6 16. Nxe5 dxe5 17. Bb2 Ne7 18. Qh5 Bd7 19. Rad1 Rad8 20. Bb3 Qg6 21. Qxg6 Nxg6 22. f3 Bc8 23. Kf2 Kg7 24. Rxd8 Rxd8 25. Rd1 Rxd1 26. Bxd1 Kf6 27. Be2 Bd7 28. c4 Nf8 29. g3 Ne6 30. Bf1 c5 31. Bc3 Nd8 32. b5 Nf7 33. Bb2 1/2-1/2